000 00909nas a2200265 4500
001 BR8807813
003 BR-BrBNA
005 20231205091428.0
007 ta
008 230509b bl.|||p| |||| 00| 00por d
040 _aBR-BrBNA
_bpor
_cBiblioteca Nacional de Agricultura
041 _a(Pt)
072 _aM11; E10
100 1 _aChabalin, E.
100 1 _aLima, J.A.F. de
245 1 _aAnalise economica de um cultivo intensivo de pacu (Colossoma mitrei)no Centro-Oeste do Brasil
246 1 _aEconomic analysis of "pacu" (Colossoma mitrei)culture in a rural setting in Itiquira in Central western Brazil
650 _aPACU
650 _aPRODUCAO PESQUEIRA
650 _aANALISE ECONOMICA
650 _aMATO GROSSO
773 0 _tBoletim Tecnico do CEPTA (Brazil)
_xISSN 0103-1112
_g(Jan-Jun 1988), v. 1(1) p. 61-68
_wBR8807813
909 _a202311
_bLúcia
_c55
_dLúcia Elande
942 _2AGRIS
_n0
_cANA
999 _c125009
_d125009